000 00306nam a22001337a 4500
008 170512b xxu||||| |||| 00| 0 eng d
020 _a9780801854255
041 _aeng
080 _a84
100 _a16
101 _ashh
245 _aAMERICAN RESEARSH UNIVERSITITY
_cGARAHAM.H.D
942 _2udc
_cBK
999 _c13275
_d13275